000 00429nam a2200169 a 4500
001 0000-8642
003 ELIB.Books
008 110520 1981
035 _a(ELIB.Books)0000-8788
082 _a230
_bMoo
100 _aMoody, Dale
245 _aThe Word of Truth
260 _bGrand Rapids; Wm .B.Eerdmans Publishing Company
_c1981
650 _aTheology
942 _2ddc
_cBK
998 _cbat
_e2011-05-20
999 _c8642
_d8642